Lyon et ses environs / (Record no. 156381)

MARC details
000 -LEADER
campo de control de longitud fija 00736nam a2200205 4500
001 - NÚMERO DE CONTROL
campo de control 156381
003 - IDENTIFICADOR DE NÚMERO DE CONTROL
campo de control ES-MaACL
005 - FECHA Y HORA DE LA ÚLTIMA TRANSACCIÓN
campo de control 20260201063016.0
008 - DATOS DE LONGITUD FIJA--INFORMACIÓN GENERAL
campo de control de longitud fija 950503s1872 fr abef |||| | fre d
040 ## - FUENTE DE CATALOGACIÓN
Centro catalogador/agencia de origen EUS
Lengua de catalogación spa
Centro/agencia transcriptor EUS
100 1# - ENTRADA PRINCIPAL--NOMBRE DE PERSONA
Nombre de persona Joanne, Adolphe,
Fechas asociadas al nombre 1823-1881
9 (RLIN) 66678
245 10 - MENCIÓN DEL TÍTULO
Título Lyon et ses environs /
Mención de responsabilidad, etc. par Adolphe Joanne.
250 ## - MENCION DE EDICION
Mención de edición 2e éd. contenant un appendice sur l'exposition de 1872.
260 ## - PUBLICACIÓN, DISTRIBUCIÓN, ETC.
Lugar de publicación, distribución, etc. Paris :
Nombre del editor, distribuidor, etc. Hachette et Cie.,
Fecha de publicación, distribución, etc. 1872 (
Fabricante Lahure)
300 ## - DESCRIPCIÓN FÍSICA
Extensión XLIII, 186, 80 p., [2] plan., [1] map.: lám. ;
Dimensiones 14 cm.
490 1# - MENCIÓN DE SERIE
Mención de serie Collection Joanne. Guides Diamant
830 0# - PUNTO DE ACCESO ADICIONAL DE SERIE-TÍTULO UNIFORME
Título uniforme Collection Joanne. Guides Diamant
9 (RLIN) 188376
852 ## - LOCALIZACIÓN
Ubicación ES-MaACL
Número de control de estantería C-298
Nota libre -- Enc. ed. en tela
Holdings
Estatus retirado Estado de pérdida Estado de daño No para préstamo Colección Biblioteca de origen Biblioteca actual Ubicación en estantería Fecha de adquisición Fuente de adquisición Total de préstamos Signatura topográfica completa Código de barras Visto por última vez Precio de reemplazo Tipo de ítem Koha
        Libros del s. XIX Biblioteca del Ateneo de Madrid Biblioteca del Ateneo de Madrid Sala Palomar 17/01/2008     C-298 1163609 23/02/2023 23/02/2023 Libro impreso antiguo